Т. 67, № 6; Известия Российской академии наук. Серия математическая

Dades bibliogràfiques
Parent link:Известия Российской академии наук. Серия математическая: научный журнал/ Российская академия наук (РАН). Т. 67, № 6.— , 1937-.— 0373-2436
Idioma:rus
Publicat: 2003
Format: MixedMaterials Llibre
KOHA link:https://koha.lib.tpu.ru/cgi-bin/koha/opac-detail.pl?biblionumber=389664

MARC

LEADER 00000nam2a2200000 4500
001 389664
005 20231101063908.0
035 |a (RuTPU)RU\TPU\prd\22123 
090 |a 389664 
100 |a 20040202a20039999k y0rusy50 ca 
101 0 |a rus 
102 |a RU 
200 0 |a Т. 67, № 6 
210 |d 2003 
461 1 |0 (RuTPU)RU\TPU\prd\2018  |x 0373-2436  |t Известия Российской академии наук. Серия математическая  |o научный журнал  |f Российская академия наук (РАН)  |v Т. 67, № 6  |d 1937- 
801 0 |a RU  |b 63413507  |c 20010227  |g PSBO 
801 1 |a RU  |b 63413507  |c 20040202  |g PSBO 
801 2 |a RU  |b 63413507  |c 20170417  |g PSBO 
942 |c BK 
999 |a НТБ_ТПУ  |b НФ  |e -1/20040113  |p П-701  |s 14/20030407  |u 0,00  |v 1